000 005390000a22001810004500
003 MACL
005 20160518125444.0
008 160518b xxu||||| |||| 00| 0 eng d
040 _aMACL
_cMACL
041 _aHindi
082 _a891.433 JAI
100 _aजैन, विपिन
_957888
245 _aमैं समय हूॅ
_cविपिन जैन
260 _bनीतिका प्रकाशन
_c1996
_aनई दिल्‍ली
350 _a70
650 _aStories
_957889
942 _cHIN
_k800/JAI/S
_2ddc
999 _c10303
_d10303